Loading...
| Fine Arts - Classical Music | 0 | 8 | 0 | 0 | 80 | 43 | 66.50 | 3 | 6 |
| History - European History | 0 | 4 | 0 | 1 | 40 | 18 | 45.50 | 3 | 3 |
| Mythology | 0 | 3 | 0 | 0 | 30 | 60 | 70.33 | 0 | 1 |
| Fine Arts - Other Fine Arts | 0 | 3 | 0 | 1 | 30 | 69 | 87.33 | 1 | 2 |
| Science - Chemistry | 0 | 3 | 0 | 2 | 30 | 93 | 99.00 | 0 | 0 |
| Religion | 0 | 2 | 0 | 1 | 20 | 62 | 92.50 | 0 | 1 |
| Pop Culture | 0 | 2 | 0 | 0 | 20 | 38 | 49.00 | 0 | 2 |
| Geography | 0 | 1 | 0 | 0 | 10 | 54 | 54.00 | 0 | 1 |
| Painting/Sculpture | 0 | 1 | 0 | 1 | 10 | 92 | 92.00 | 1 | 1 |
| Philosophy | 0 | 1 | 0 | 0 | 10 | 99 | 99.00 | 0 | 1 |
| Social Science | 0 | 1 | 0 | 0 | 10 | 68 | 68.00 | 1 | 1 |
| Literature - American Literature | 0 | 1 | 0 | 0 | 10 | 93 | 93.00 | 0 | 1 |
| Literature - British Literature | 0 | 1 | 0 | 0 | 10 | 74 | 74.00 | 0 | 1 |
| History - Other History | 0 | 1 | 1 | 1 | 5 | 112 | 112.00 | 0 | 0 |
| Science - Other Science | 0 | 1 | 2 | 1 | 0 | 91 | 91.00 | 0 | 0 |